[Event "Astrakhan Gazprombank-B"]
[Site "Astrakhan"]
[Date "2013.03.07"]
[Round "6"]
[White "Mesnyankin, Nikita"]
[Black "Aslanparviz, Hooman"]
[Result "1-0"]
[WhiteElo "1821"]
[BlackElo "1828"]
[PlyCount "88"]
[EventDate "2013.03.02"]
[EventType "swiss"]
[EventRounds "9"]
[EventCountry "RUS"]
[SourceTitle "EXT 2014"]
[Source "ChessBase"]
[SourceDate "2013.11.20"]
[SourceVersion "1"]
[SourceVersionDate "2013.11.20"]
[SourceQuality "1"]

1. e4 c5 2. Nf3 d6 3. d4 cxd4 4. Nxd4 Nf6 5. Nc3 a6 6. Be3 b5 7. a3 Bb7 8. f3 g6 9. Qd2 Bg7 10. 0-0-0 Nbd7 11. g4 Ne5 12. h4 Nfd7 13. h5 Nb6 14. hxg6 hxg6 15. Rxh8+ Bxh8 16. Qh2 Kd7 17. f4 Nec4 18. Qh3 Nxe3 19. g5+ Kc7 20. Qxe3 Rc8 21. e5 Kb8 22. exd6 exd6 23. f5 Be5 24. fxg6 fxg6 25. Bh3 Nc4 26. Qg1 Bf4+ 27. Kb1 Nxa3+ 28. bxa3 Rxc3 29. Ne6 Qa5 30. Nxf4 Be4 31. Nd3 Rxa3 32. Qd4 Ra4 33. Qb2 Bd5 34. Nc1 Rb4 35. Nb3 Bxb3 36. cxb3 Qb6 37. Qh8+ Ka7 38. Qg7+ Kb8 39. Qf8+ Kb7 40. Qc8+ Ka7 41. Qd7+ Qb7 42. Qe6 Qe4+ 43. Qxe4 Rxe4 44. Rxd6 Re3 1-0

[Event "Astrakhan Gazprombank-B"]
[Site "Astrakhan"]
[Date "2013.03.04"]
[Round "3"]
[White "Kochetov, Evgeny"]
[Black "Aslanparviz, Hooman"]
[Result "0-1"]
[WhiteElo "1904"]
[BlackElo "1828"]
[PlyCount "98"]
[EventDate "2013.03.02"]
[EventType "swiss"]
[EventRounds "9"]
[EventCountry "RUS"]
[SourceTitle "EXT 2014"]
[Source "ChessBase"]
[SourceDate "2013.11.20"]
[SourceVersion "1"]
[SourceVersionDate "2013.11.20"]
[SourceQuality "1"]

1. d4 Nf6 2. Nf3 d5 3. Bg5 Ne4 4. Bf4 c5 5. c3 Nc6 6. e3 Bg4 7. Be2 e6 8. h3 Bh5 9. Nbd2 Bd6 10. Bxd6 Qxd6 11. dxc5 Nxc5 12. 0-0 0-0 13. Nb3 Rfd8 14. Nxc5 Qxc5 15. Nd4 Bg6 16. Nxc6 bxc6 17. Qd4 Qd6 18. b4 e5 19. Qd2 Rab8 20. Rfd1 Qc7 21. a4 c5 22. b5 c4 23. Bf3 Bd3 24. Be2 e4 25. Ra2 f5 26. f4 Rb6 27. g3 g5 28. Kh2 gxf4 29. exf4 Qc5 30. Kg2 Rg6 31. Re1 Kh8 32. Bd1 Rdg8 33. Re3 d4 34. cxd4 Qxd4 35. Qb2 c3 36. Qf2 Qc4 37. Ra3 Qb4 38. Rb3 Qxa4 39. Qe1 Qa2+ 40. Kh1 c2 41. Qc3+ R6g7 42. Bxc2 Qxc2 43. Qxc2 Bxc2 44. Rb2 Bd3 45. Kh2 Rb7 46. g4 fxg4 47. hxg4 Rxg4 48. Rg2 Rxf4 49. Reg3 Rf8 0-1

[Event "Astrakhan Ritminform Cup-A"]
[Site "Astrakhan"]
[Date "2013.01.10"]
[Round "6"]
[White "Aslanparviz, Hooman"]
[Black "Mescheryakov, Andrei"]
[Result "0-1"]
[WhiteElo "1849"]
[BlackElo "1993"]
[PlyCount "148"]
[EventDate "2013.01.04"]
[EventType "tourn"]
[EventRounds "9"]
[EventCountry "RUS"]
[SourceTitle "EXT 2014"]
[Source "ChessBase"]
[SourceDate "2013.11.20"]
[SourceVersion "1"]
[SourceVersionDate "2013.11.20"]
[SourceQuality "1"]

1. e4 Nf6 2. Nc3 d5 3. e5 d4 4. exf6 dxc3 5. fxg7 cxd2+ 6. Bxd2 Bxg7 7. Qh5 Qd4 8. Qb5+ c6 9. Qb3 Qxb2 10. Qxb2 Bxb2 11. Rb1 Bf6 12. Bd3 Nd7 13. Bf5 e6 14. Be4 Bg7 15. Ne2 h5 16. 0-0 f5 17. Bd3 Nc5 18. Nf4 Nxd3 19. Nxd3 b6 20. Rfe1 c5 21. a4 c4 22. Ne5 Bxe5 23. Rxe5 Kf7 24. a5 Rd8 25. Bc3 Rd6 26. f3 Bb7 27. Kf2 Bd5 28. axb6 Rxb6 29. Ra1 a6 30. Kg3 Rg8+ 31. Kf2 Ra8 32. Ra5 Rb5 33. Ra4 Rb1 34. Re1 Rb6 35. Rea1 Rd6 36. Ra5 Rc6 37. Rb1 Rd6 38. Be5 Rd7 39. Rb6 Rda7 40. Kg3 Rg8+ 41. Kh3 Rga8 42. Kh4 Rg8 43. g4 hxg4 44. f4 Rga8 45. c3 Ke7 46. Kg3 Kd7 47. Rd6+ Ke7 48. Rb6 Rb7 49. Raxa6 Rxa6 50. Rxa6 Rb1 51. Ra7+ Ke8 52. Kh4 Rh1 53. Ra2 Kd7 54. Kg5 Kc6 55. Rb2 Ra1 56. Kf6 Ra8 57. Bd4 Rf8+ 58. Ke5 Rh8 59. Rb6+ Kc7 60. Rb2 Rh3 61. Ra2 Kc6 62. Rb2 Rh6 63. Rb6+ Kc7 64. Rb2 Rh5 65. Kf6 Rh7 66. Ra2 Rh3 67. Ra7+ Kc6 68. Ra2 Rf3 69. Be5 Kb5 70. Ke7 Rh3 71. Kd6 Rd3 72. Rb2+ Ka4 73. Kc5 Ka3 74. Rb8 Rh3 0-1

[Event "Astrakhan Region-ch"]
[Site "Astrakhan"]
[Date "2012.10.20"]
[Round "8"]
[White "Aslanparviz, Hooman"]
[Black "Murzaliev, Baurzhan"]
[Result "1/2-1/2"]
[WhiteElo "1850"]
[BlackElo "1844"]
[PlyCount "111"]
[EventDate "2012.10.13"]
[EventType "swiss"]
[EventRounds "9"]
[EventCountry "RUS"]
[SourceTitle "EXT 2023"]
[Source "ChessBase"]
[SourceDate "2022.10.05"]
[SourceVersion "1"]
[SourceVersionDate "2022.10.05"]
[SourceQuality "1"]

1. d4 d5 2. c4 dxc4 3. Nf3 Nf6 4. Nc3 e6 5. e3 Bb4 6. Bxc4 0-0 7. 0-0 Nc6 8. Qc2 Nd5 9. Ne4 f5 10. Nc5 Bxc5 11. dxc5 Ncb4 12. Qb3 b6 13. Rd1 Na6 14. Rxd5 exd5 15. Bxd5+ Kh8 16. Bxa8 Be6 17. Qc2 Qxa8 18. cxb6 axb6 19. Bd2 Bd5 20. Nh4 Be4 21. Qc4 Qd8 22. Bc3 Qxh4 23. f3 Qg5 24. fxe4 Qxe3+ 25. Kh1 Nc5 26. Re1 Qd3 27. Qxd3 Nxd3 28. Rf1 f4 29. Rf3 Nc5 30. Bb4 Rd8 31. Bxc5 bxc5 32. h4 Rd2 33. Rxf4 Kg8 34. Rf5 Rxb2 35. Rxc5 Rxa2 36. Rxc7 Re2 37. Rc4 Kf7 38. Kh2 Re3 39. g3 h5 40. Kg2 g6 41. Kf2 Ra3 42. Rc5 Kf6 43. Rc6+ Ke5 44. Rxg6 Kxe4 45. Kg2 Ra2+ 46. Kh3 Ra5 47. Rg5 Rf5 48. Rg8 Kf3 49. Rg5 Ke4 50. Rxf5 Kxf5 51. Kh2 Ke5 52. Kg2 Ke4 53. Kf2 Ke5 54. Kf3 Kf5 55. Kg2 Kg4 56. Kh2 1/2-1/2

[Event "Astrakhan Region-ch"]
[Site "Astrakhan"]
[Date "2012.10.15"]
[Round "3"]
[White "Aslanparviz, Hooman"]
[Black "Isaev, Felix"]
[Result "1/2-1/2"]
[WhiteElo "1850"]
[BlackElo "1717"]
[PlyCount "64"]
[EventDate "2012.10.13"]
[EventType "swiss"]
[EventRounds "9"]
[EventCountry "RUS"]
[SourceTitle "EXT 2023"]
[Source "ChessBase"]
[SourceDate "2022.10.05"]
[SourceVersion "1"]
[SourceVersionDate "2022.10.05"]
[SourceQuality "1"]

1. d4 e6 2. e4 d5 3. Nd2 c5 4. Bb5+ Nc6 5. Ngf3 Nf6 6. e5 Nd7 7. c3 Qb6 8. Qa4 a6 9. Bd3 cxd4 10. cxd4 Qb4 11. Qxb4 Nxb4 12. Bb1 Nb6 13. a3 Nc6 14. Bd3 Be7 15. b3 0-0 16. Bb2 f6 17. exf6 Bxf6 18. 0-0 Bd7 19. Rfe1 Nc8 20. Nf1 N8e7 21. Ne3 Rac8 22. b4 Nd8 23. Rac1 Rxc1 24. Rxc1 Ndc6 25. h3 g6 26. Ng4 Bg7 27. Re1 b5 28. Ne3 Nc8 29. Nc2 Nd6 30. Ra1 Rf4 31. a4 bxa4 32. Rxa4 Nxd4 1/2-1/2

[Event "Astrakhan op"]
[Site "Astrakhan"]
[Date "2012.08.23"]
[Round "9"]
[White "Sharmandzhieva, Gerel"]
[Black "Aslanparviz, Hooman"]
[Result "1/2-1/2"]
[WhiteElo "1782"]
[BlackElo "1854"]
[PlyCount "62"]
[EventDate "2012.08.15"]
[EventType "swiss"]
[EventRounds "9"]
[EventCountry "RUS"]
[SourceTitle "CBM 150 Extra"]
[Source "ChessBase"]
[SourceDate "2012.10.19"]
[SourceVersion "1"]
[SourceVersionDate "2012.10.19"]
[SourceQuality "1"]

1. d4 Nf6 2. Nf3 d5 3. e3 Bg4 4. Be2 e6 5. Nbd2 Bd6 6. b3 Nbd7 7. Bb2 0-0 8. h3 Bh5 9. 0-0 c6 10. c4 Rc8 11. Rc1 Re8 12. Ne5 Bxe2 13. Qxe2 Qe7 14. Rc2 Nf8 15. e4 dxe4 16. Nxe4 Nxe4 17. Qxe4 Rcd8 18. f4 Nd7 19. Rcf2 f5 20. Qf3 Nf6 21. Re2 Bxe5 22. fxe5 Ne4 23. g4 Qh4 24. Kh2 Rf8 25. Rg1 fxg4 26. Qxg4 Qxg4 27. Rxg4 Rf2+ 28. Rg2 Rxe2 29. Rxe2 Rf8 30. Kg2 Ng5 31. Re3 Rf5 1/2-1/2

[Event "Astrakhan Ritminform"]
[Site "Astrakhan"]
[Date "2011.12.15"]
[Round "7"]
[White "Prokopenko, Roman"]
[Black "Aslanparviz, Hooman"]
[Result "1-0"]
[WhiteElo "2027"]
[BlackElo "1881"]
[PlyCount "74"]
[EventDate "2011.12.10"]
[EventType "tourn"]
[EventRounds "9"]
[EventCountry "RUS"]
[SourceTitle "EXT 2013"]
[Source "ChessBase"]
[SourceDate "2012.11.22"]
[SourceVersion "1"]
[SourceVersionDate "2012.11.22"]
[SourceQuality "1"]

1. e4 c6 2. d4 d5 3. Nc3 dxe4 4. Nxe4 Bf5 5. Ng3 Bg6 6. h4 h6 7. h5 Bh7 8. Nf3 Nd7 9. Bd3 Bxd3 10. Qxd3 e6 11. Bf4 Ngf6 12. 0-0-0 Nd5 13. Bd2 Qb6 14. c4 Nb4 15. Bxb4 Qxb4 16. Ne5 Rd8 17. Nxd7 Rxd7 18. Rhe1 Be7 19. Ne4 0-0 20. a3 Qa5 21. g4 Rfd8 22. Qe3 Rxd4 23. Rxd4 Rxd4 24. Qxd4 Qxe1+ 25. Kc2 Qe2+ 26. Kb3 c5 27. Nxc5 Bf6 28. Qe4 Qxb2+ 29. Ka4 Qxf2 30. Nxb7 Bd4 31. Nd6 Qe3 32. Qa8+ Kh7 33. Nxf7 g6 34. hxg6+ Kxg6 35. Qg8+ Bg7 36. Nh8+ Kg5 37. Qxg7+ Kh4 1-0